| 000 | 00864nam a2200253 i 4500 | ||
|---|---|---|---|
| 001 | 000029456 | ||
| 003 | DO-SdBNP | ||
| 005 | 20241003083649.0 | ||
| 007 | ta | ||
| 008 | 110415s19uu dr 000 0 spa d | ||
| 040 |
_aDO-SdBNP _bspa _cBNPHU _erda |
||
| 082 |
_bR426c _222 |
||
| 110 | 1 |
_aRepública Dominicana. _bConsejos Nacional de Hombres de Empresa _956325 |
|
| 245 | 1 | 0 | _aComo aprovechar los beneficios de la iniciativa para la cuenca del caribe en la República Dominicana. |
| 264 |
_aSanto Domingo : _bCENAPEC, _cfecha no identificada |
||
| 300 |
_a18 páginas ; _c21 cm. |
||
| 336 |
_ardacontent _btexto _2txt |
||
| 337 |
_ardamedia _bsin mediación _2n |
||
| 338 |
_brdacarrier _0volumen _2nc |
||
| 590 | _aInventariado, 2024/DG | ||
| 710 | 1 |
_aRepública Dominicana. _bCentros Apec de Educación a Distancia _956326 |
|
| 910 | _aDG | ||
| 942 |
_2ddc _cLBS1 |
||
| 999 |
_c28948 _d28948 |
||